Catálogo
 En Linea

El imperio de la noticia : (Registro nro. 15306)

Detalles MARC
000 -CABECERA
campo de control de longitud fija 00825cam a2200241 a 4500
001 - NÚMERO DE CONTROL
campo de control 000015758
005 - FECHA Y HORA DE LA ÚLTIMA TRANSACCIÓN
campo de control 20200929164137.0
008 - DATOS DE LONGITUD FIJA--INFORMACIÓN GENERAL
campo de control de longitud fija 740924s1967 ve 000 0 spa d
040 ## - FUENTE DE LA CATALOGACIÓN
Centro catalogador/agencia de origen DO-SdBNP
Centro/agencia transcriptor DeU
Centro/agencia modificador DLC
-- BNPHU
082 ## - NÚMERO DE LA CLASIFICACIÓN DECIMAL DEWEY
Número de clasificación 070
Número de documento/Ítem M953i
049 ## - FONDOS LOCALES (OCLC)
Fondos de biblioteca BNGR
100 1# - ENTRADA PRINCIPAL--NOMBRE DE PERSONA
Nombre de persona Mujica, Héctor,
9 (RLIN) 9015
245 13 - MENCIÓN DE TÍTULO
Título El imperio de la noticia :
Resto del título algunos problemas de la información en el mundo contemporáneo /
Mención de responsabilidad, etc. Héctor Mujica.
260 ## - PUBLICACIÓN, DISTRIBUCIÓN, ETC.
Lugar de publicación, distribución, etc. [Caracas], (Venezuela) :
Nombre del editor, distribuidor, etc. Universidad Central de Venezuela,
Fecha de publicación, distribución, etc. [1967].
300 ## - DESCRIPCIÓN FÍSICA
Extensión 254 p. ;
Dimensiones 16 cm.
490 1# - MENCIÓN DE SERIE
Mención de serie Avance
Designación de volumen o secuencia 15
504 ## - NOTA DE BIBLIOGRAFÍA, ETC.
Nota de bibliografía, etc. Incluye referencias bibliográficas: p. 245-251.
650 #4 - PUNTO DE ACCESO ADICIONAL DE MATERIA--TÉRMINO DE MATERIA
Término de materia o nombre geográfico como elemento de entrada Periodismo
9 (RLIN) 29
650 #4 - PUNTO DE ACCESO ADICIONAL DE MATERIA--TÉRMINO DE MATERIA
Término de materia o nombre geográfico como elemento de entrada Filosofía del periodismo
9 (RLIN) 35454
650 #4 - PUNTO DE ACCESO ADICIONAL DE MATERIA--TÉRMINO DE MATERIA
Término de materia o nombre geográfico como elemento de entrada Periodismo histórico
9 (RLIN) 35455
830 #0 - PUNTO DE ACCESO ADICIONAL DE SERIE-TÍTULO UNIFORME
Título uniforme Avance ;
Designación de volumen o secuencia 15
9 (RLIN) 25824
910 ## - DATOS DE OPCIÓN DEL USUARIO (OCLC)
Datos de opción del usuario Catalogación derivada
Existencias
Estado de retiro Estado de pérdida Restricciones de uso No para préstamo Código de colección Localización permanente Ubicación/localización actual Ubicación en estantería Fecha de adquisición Número de inventario Total de préstamos Signatura topográfica completa Código de barras Fecha visto por última vez Precio válido a partir de Tipo de ítem Koha
        Monografías: Libros y Folletos General General En catalogación 17.02.2010 LF1   070 M953i 15758-10 25.06.2020 25.06.2020 Préstamo en sala

Con tecnología Koha